000 00636nam a2200157 u 4500
001 000020714
005 20200930011141.0
008 100813s1981 dr r 001 0 spa d
040 _aDO-SdBNP
_bspa
_cBPJMD
100 1 _aViñas Román, Jaime
_935862
245 1 0 _aDos temas universitarios /
_cJaime viña Román.
260 _aSanto Domingo :
_bUniversidad Nacional Pedro Henríquez Ureña,
_c1981.
300 _a39 p. ;
_c21 cm.
500 _aCharla en el desayuno pro-recuperación de fondos de la Fundación Universitaria Dominicana
500 _aDiscurso en ocasión del solemne acto de investidura celebrado el 19 de noviembre de 1981
999 _c20218
_d20218